00748nam a2200229 a 450000100060000000300080000600500170001400800410003103500190007204000270009104100080011808200220012610000420014824500940019025000130028426000310029730000330032850001000036150000200046165000150048170000220049634238BD-RjUL20250914142549.0140514s1949 maua 001 0 eng d a(BD-RjUL)34332 aANLbengcANLdBD-RjUL aeng00a301bLAS 19492191 aLandis, Paul H.q(Paul Henry),d1901-10aSocial living :bsociology and social problems /cby Paul H. Landis and Judson T. Landis. aRev. ed. aBoston :bGinn,c1949,1953 axii, 403 p. :bill. ;c25 cm aPreviously pub. under title: Social living ; principles and problems in introductory sociology. aIncludes index. 0aSociology.1 aLandis, Judson T.